|
|
|
|
| LEADER |
00000cam a2200000 7i4500 |
| 001 |
0000134933 |
| 005 |
20100122.0 |
| 020 |
|
|
|a 9780822575733
|
| 090 |
0 |
0 |
|a 910.9
|b WOO
|
| 100 |
1 |
|
|a Woods, Michael
|
| 245 |
1 |
0 |
|a Seven wonders Ancient of the Middle East
|c Michael Woods and Mary B. Woods
|
| 260 |
|
|
|a Minneapolis :
|b Twenty-First Century Books ,
|c 2009
|
| 300 |
|
|
|a 80p. ;
|c 26cm.
|
| 650 |
0 |
0 |
|a Architecture, Ancient
|x Middle East
|x Juvenile literature
|
| 650 |
0 |
0 |
|a Architecture, Medieval
|x Middle East
|x Juvenile literature
|
| 700 |
1 |
|
|a Woods, Mary B
|
| 999 |
|
|
|a 00228691
|b BUKU
|c JUNIOR REFERENCE
|e PERPUSTAKAAN KOMUNITI PETALING JAYA
|